Computerized environmental modelling : a practical introduction using excel

Αποθηκεύτηκε σε:
Λεπτομέρειες βιβλιογραφικής εγγραφής
Κύριος συγγραφέας: Hardisty, J. (Jack) 1955-
Άλλοι συγγραφείς: Taylor, D. M. (David M.), Metcalfe, S. E. (Sarah E.)
Μορφή: Βιβλίο
Γλώσσα:English
Δημοσίευση: Chichester : John Wiley and sons, c1993
Θέματα:
Ετικέτες: Προσθήκη ετικέτας
Δεν υπάρχουν, Καταχωρήστε ετικέτα πρώτοι!

MARC

LEADER 00000nam a2200000 i 4500
001 1/96679
008 991215s1993 eng d
020 |a 0-471-93822-X 
035 |l 10055852 
040 |a GR-MY-UA  |b gre  |e aacr 
041 0 |a eng 
082 0 |a 628.50113 
100 1 |a Hardisty, J. (Jack)  |d 1955- 
245 1 0 |a Computerized environmental modelling :  |b a practical introduction using excel /  |c J. Hardisty, D. M. Taylor, and S. E. Metcalfe 
260 |a Chichester :   |b John Wiley and sons,   |c c1993 
300 |a 204 p. 
504 |a Includes bibliographical references and index 
650 0 0 |a Environmental sciences  |x Data processing. 
700 1 |a Taylor, D. M.  |q (David M.) 
700 1 |a Metcalfe, S. E.  |q (Sarah E.) 
852 |a INST  |b LESVOS  |e 19991215  |h 628.50113 HAR  |p 005100022317  |q 005100022317  |t BK  |y 0 
901 |a BIBL1-1999-3 
909 |a Λ  |b 070394 
922 |a 1ΕΛΗ  |b 199911  |c ΚΠΣ/ΤΓ  |d LEADER 
950 |a 118-1999-09-03 
970 |a ΤΖΑΦΕΡΗ  |b ΕΥΑΓΓΕΛΙΑ  |z 1999/12/22